PowerDesigner 15. Моделирование данных

Dettagli Bibliografici
Autore principale: Нартова А. Анна
Riassunto:«PowerDesigner 15. Моделирование данных» - первая книга на русском языке, посвященная культовому продукту Sybase PowerDesigner. Книга дает общее представление о процессе моделирования в PowerDesigner и знакомит читателя с различными возможностями продукта в области моделирования данных: моделирование на концептуальном и физическом уровне, моделирование движения данных, основы построения хранилищ данных. Также в книге описана техника использования анализа влияния и взаимодействия (Link&Sync), позволяющая работать с репозиторием и строить отчеты по моделям.
Lingua:russo
Pubblicazione: Москва, Лори, 2012
Soggetti:
Natura: MixedMaterials Libro
KOHA link:https://koha.lib.tpu.ru/cgi-bin/koha/opac-detail.pl?biblionumber=219368

MARC

LEADER 00000nam0a2200000 4500
001 219368
005 20231101230244.0
010 |a 9785855823165 
035 |a (RuTPU)RU\TPU\book\239413 
090 |a 219368 
100 |a 20120705d2012 km y0rusy50 ca 
101 0 |a rus 
102 |a RU 
105 |a a z 001zy 
200 1 |a PowerDesigner 15. Моделирование данных  |f А. Нартова 
210 |a Москва  |c Лори  |d 2012 
215 |a 469 с.  |c ил. 
320 |a Библиогр.: с. 469. 
330 |a «PowerDesigner 15. Моделирование данных» - первая книга на русском языке, посвященная культовому продукту Sybase PowerDesigner. Книга дает общее представление о процессе моделирования в PowerDesigner и знакомит читателя с различными возможностями продукта в области моделирования данных: моделирование на концептуальном и физическом уровне, моделирование движения данных, основы построения хранилищ данных. Также в книге описана техника использования анализа влияния и взаимодействия (Link&Sync), позволяющая работать с репозиторием и строить отчеты по моделям. 
606 1 |a Данные  |x Анализ  |2 stltpush  |3 (RuTPU)RU\TPU\subj\70551  |9 84779 
610 1 |a моделирование 
610 1 |a PowerDesigner 15 
610 1 |a базы данных 
610 1 |a данные 
610 1 |a обратное проектирование 
610 1 |a генерация 
610 1 |a мэппинг 
610 1 |a хранилища 
610 1 |a изменения 
610 1 |a управление 
610 1 |a отчеты 
610 1 |a репозиторий 
675 |a 004.6  |v 4 
700 1 |a Нартова  |b А.  |g Анна 
801 1 |a RU  |b 63413507  |c 20120705 
801 2 |a RU  |b 63413507  |c 20140512  |g RCR 
942 |c BK 
959 |a 100/20120703  |d 1  |e 418,00  |f ЧЗТЛ:1